[Event "SLO-chT U16"]
[Site "Debeli Rtic"]
[Date "2015.05.15"]
[Round "2"]
[White "Zupancic, Klemen"]
[Black "Acimovic, Vasja"]
[Result "1/2-1/2"]
[WhiteElo "1568"]
[BlackElo "1732"]
[PlyCount "79"]
[EventDate "2015.05.15"]
[EventType "swiss"]
[EventRounds "6"]
[EventCountry "SLO"]
[SourceTitle "EXT 2023"]
[Source "ChessBase"]
[SourceDate "2022.10.05"]
[SourceVersion "1"]
[SourceVersionDate "2022.10.05"]
[SourceQuality "1"]

1. g3 d5 2. Bg2 c6 3. d3 Nf6 4. Nf3 e6 5. 0-0 b6 6. Nbd2 Be7 7. c4 0-0 8. Rb1 Nbd7 9. b4 Qc7 10. d4 dxc4 11. Nxc4 Ba6 12. Bf4 Qd8 13. Nd6 Nd5 14. Qd2 Nxf4 15. Qxf4 Qb8 16. Ne5 Qxd6 17. Bxc6 Nxe5 18. Bxa8 Rxa8 19. dxe5 Qc6 20. Rfc1 Qd5 21. Rc7 Qd8 22. Rbc1 g5 23. Qf3 Rc8 24. Rxc8 Bxc8 25. Qc6 Bd7 26. Qb7 Kf8 27. a3 Ke8 28. Rc3 g4 29. b5 Bc5 30. a4 Qc8 31. Qxa7 Bxf2+ 32. Kxf2 Qxc3 33. Qxb6 Qxe5 34. Qa7 Qf5+ 35. Ke1 Qb1+ 36. Kf2 Qf5+ 37. Ke1 Qb1+ 38. Kf2 Qf5+ 39. Ke1 Qb1+ 40. Kf2 1/2-1/2

[Event "Novo Mesto op"]
[Site "Novo Mesto"]
[Date "2014.11.06"]
[Round "7"]
[White "Acimovic, Vasja"]
[Black "Zupancic, Klemen"]
[Result "1-0"]
[WhiteElo "1705"]
[BlackElo "1561"]
[PlyCount "52"]
[EventDate "2014.10.31"]
[EventType "swiss"]
[EventRounds "9"]
[EventCountry "SLO"]
[SourceTitle "EXT 2019"]
[Source "ChessBase"]
[SourceDate "2018.10.10"]
[SourceVersion "1"]
[SourceVersionDate "2018.10.10"]
[SourceQuality "1"]

1. d4 d5 2. c4 e5 3. dxe5 d4 4. Nf3 Nc6 5. a3 Bg4 6. Nbd2 Nge7 7. Nb3 Bxf3 8. exf3 Nxe5 9. Qxd4 N7c6 10. Qe4 Qe7 11. f4 Nd7 12. Qxe7+ Bxe7 13. Be3 0-0-0 14. 0-0-0 Nf6 15. Be2 Rhe8 16. Bf3 Rd6 17. Rxd6 cxd6 18. Rd1 Kc7 19. Nd4 Nd7 20. Nb5+ Kb8 21. Nxd6 Bxd6 22. Rxd6 Kc7 23. Rd2 Na5 24. Bd1 a6 25. Ba4 Nf6 26. Bxe8 Nxe8 1-0

[Event "Novo Mesto op"]
[Site "Novo Mesto"]
[Date "2014.11.02"]
[Round "4"]
[White "Zupancic, Klemen"]
[Black "Krcmar, Aleksander"]
[Result "1-0"]
[WhiteElo "1561"]
[BlackElo "1723"]
[PlyCount "73"]
[EventDate "2014.10.31"]
[EventType "swiss"]
[EventRounds "9"]
[EventCountry "SLO"]
[SourceTitle "EXT 2019"]
[Source "ChessBase"]
[SourceDate "2018.10.10"]
[SourceVersion "1"]
[SourceVersionDate "2018.10.10"]
[SourceQuality "1"]

1. g3 Nf6 2. Bg2 e6 3. Nf3 Nc6 4. 0-0 b6 5. d3 d5 6. Nbd2 Bb7 7. c4 Bd6 8. cxd5 exd5 9. Nb3 0-0 10. Bd2 Re8 11. Rc1 Rc8 12. Bc3 Ne5 13. Nxe5 Bxe5 14. Bxe5 Rxe5 15. e3 Qd7 16. d4 Rh5 17. h4 Re8 18. Nd2 g5 19. Nf3 gxh4 20. Nxh4 Kg7 21. Qf3 Rg8 22. Qf4 Ba6 23. Rxc7 Rxh4 24. gxh4 Qg4 25. Qxg4+ Nxg4 26. Rfc1 Bd3 27. Rxf7+ Kh6 28. Rc6+ Kh5 29. Bf3 Kxh4 30. Rf4 h5 31. Bxg4 hxg4 32. f3 Be2 33. Rxg4+ Rxg4+ 34. fxg4 Kxg4 35. Kf2 Bd3 36. Rd6 Be4 37. Rd7 1-0

[Event "SLO-chT U16"]
[Site "Moravske Toplice"]
[Date "2014.05.16"]
[Round "2"]
[White "Zamar Kodelja, Jurij"]
[Black "Zupancic, Klemen"]
[Result "1-0"]
[WhiteElo "1941"]
[BlackElo "1559"]
[PlyCount "117"]
[EventDate "2014.05.16"]
[EventType "team-swiss"]
[EventRounds "6"]
[EventCountry "SLO"]
[SourceTitle "EXT 2022"]
[Source "ChessBase"]
[SourceDate "2021.10.06"]
[SourceVersion "1"]
[SourceVersionDate "2021.10.06"]
[SourceQuality "1"]

1. b3 Nf6 2. Bb2 d6 3. Nf3 e5 4. e3 Bg4 5. Be2 Nbd7 6. d4 e4 7. Nfd2 Bxe2 8. Qxe2 d5 9. c4 c6 10. Nc3 Bd6 11. cxd5 cxd5 12. Qb5 Qb6 13. Qxb6 Nxb6 14. a4 0-0 15. Nb5 Nc8 16. Nxd6 Nxd6 17. Ba3 Rfd8 18. Ke2 Rac8 19. Rac1 Nfe8 20. Nb1 b6 21. Nc3 Nb7 22. Nxd5 Rxc1 23. Ne7+ Kh8 24. Rxc1 g6 25. Rc8 Rxc8 26. Nxc8 Na5 27. Nxa7 Nc7 28. Bd6 Nd5 29. f3 exf3+ 30. Kxf3 Nxb3 31. Nb5 Nd2+ 32. Ke2 Ne4 33. Bg3 f5 34. Kd3 Kg7 35. Be1 Kf6 36. Nc3 Nexc3 37. Bxc3 Ke6 38. Bd2 Kd6 39. Kc4 Kc6 40. g4 Nf6 41. gxf5 gxf5 42. Be1 Ng4 43. d5+ Kd7 44. Bg3 Nxe3+ 45. Kd4 Ng4 46. h3 Nf6 47. Ke5 Ne4 48. Be1 Ng5 49. Bf2 Nxh3 50. Bxb6 Ng5 51. a5 Nf7+ 52. Kxf5 Nd6+ 53. Ke5 Nb5 54. a6 Kc8 55. Ke6 h5 56. Kf5 h4 57. Kg4 Nc3 58. d6 Nb5 59. a7 1-0

[Event "SLO-chT U16"]
[Site "Rogla"]
[Date "2013.05.12"]
[Round "5"]
[White "Kodric, Tilen"]
[Black "Zupancic, Klemen"]
[Result "1-0"]
[WhiteElo "1575"]
[BlackElo "1524"]
[PlyCount "83"]
[EventDate "2013.05.10"]
[EventType "team-swiss"]
[EventRounds "6"]
[EventCountry "SLO"]
[SourceTitle "EXT 2015"]
[Source "ChessBase"]
[SourceDate "2014.11.20"]
[SourceVersion "1"]
[SourceVersionDate "2014.11.20"]
[SourceQuality "1"]

1. e4 c5 2. Nf3 d6 3. b3 Nf6 4. Nc3 e5 5. Bb5+ Bd7 6. Bxd7+ Qxd7 7. 0-0 Be7 8. d3 0-0 9. Ne2 Nc6 10. c4 a6 11. Bd2 b5 12. Qc2 b4 13. a4 bxa3 14. Rxa3 Qb7 15. Rfa1 Rfb8 16. Qa2 Nb4 17. Bxb4 Qxb4 18. Nd2 h6 19. Ra4 Qb7 20. Rxa6 Rxa6 21. Qxa6 Ne8 22. Qxb7 Rxb7 23. Ra3 Nc7 24. g3 Bg5 25. Nf3 Bf6 26. Nc3 g5 27. Nd5 Nxd5 28. cxd5 g4 29. Nd2 Bg5 30. Nc4 Rb4 31. Nxd6 Bc1 32. Ra8+ Kg7 33. Ne8+ Kg6 34. d6 Bg5 35. d7 Rd4 36. Ra6+ Kh7 37. Rd6 Be7 38. Rxd4 exd4 39. Nd6 Kg8 40. Nb7 Kf8 41. d8Q+ Bxd8 42. Nxd8 1-0

[Event "SLO-ch U14"]
[Site "Murska Sobota"]
[Date "2013.03.01"]
[Round "9"]
[White "Syla, Denis"]
[Black "Zupancic, Klemen"]
[Result "0-1"]
[WhiteElo "1541"]
[BlackElo "1501"]
[PlyCount "66"]
[EventDate "2013.02.23"]
[EventType "swiss"]
[EventRounds "9"]
[EventCountry "SLO"]
[SourceTitle "EXT 2022"]
[Source "ChessBase"]
[SourceDate "2021.10.06"]
[SourceVersion "1"]
[SourceVersionDate "2021.10.06"]
[SourceQuality "1"]

1. d4 d5 2. Nf3 Nf6 3. c4 e6 4. Nc3 Be7 5. Bg5 c6 6. e3 0-0 7. Bd3 dxc4 8. Bxc4 Nd5 9. Bxe7 Qxe7 10. Bxd5 exd5 11. Qb3 Nd7 12. 0-0 Nf6 13. Nd2 Bf5 14. Rfc1 Rfc8 15. Na4 b6 16. Qc3 Ne4 17. Nxe4 Bxe4 18. b4 Qg5 19. g3 Qf5 20. Qe1 Qf3 21. Kf1 Qh1+ 22. Ke2 Qxh2 23. Rc3 Qh5+ 24. Kd2 Qf5 25. Rac1 Qd7 26. Qe2 c5 27. b5 c4 28. f3 Bg6 29. Nb2 Qxb5 30. Ke1 h6 31. e4 dxe4 32. fxe4 Bxe4 33. Qxe4 Re8 0-1

[Event "Wch U12"]
[Site "Maribor"]
[Date "2012.11.17"]
[Round "10.68"]
[White "Moy, Kevin"]
[Black "Zupancic, Klemen"]
[Result "1-0"]
[WhiteElo "2052"]
[BlackElo "1559"]
[PlyCount "75"]
[EventDate "2012.11.08"]
[EventType "swiss"]
[EventRounds "11"]
[EventCountry "SLO"]
[SourceTitle "EXT 2013"]
[Source "ChessBase"]
[SourceDate "2012.11.22"]
[SourceVersion "1"]
[SourceVersionDate "2012.11.22"]
[SourceQuality "1"]

1. d4 d5 2. c4 e5 3. dxe5 d4 4. Nf3 Nc6 5. Nbd2 Bg4 6. h3 Bxf3 7. Nxf3 Nge7 8. Qb3 Rb8 9. g3 Ng6 10. a3 Ngxe5 11. Nxe5 Nxe5 12. Bg2 a6 13. 0-0 Be7 14. Rd1 0-0 15. Qc2 b5 16. cxb5 axb5 17. Qe4 Bf6 18. b3 d3 19. Bb2 Nf3+ 20. Bxf3 Bxb2 21. Ra2 Bf6 22. Rxd3 Qc8 23. Bg2 Rd8 24. Rad2 Re8 25. Qc6 h6 26. Rd7 Be5 27. Qd5 Qa6 28. Qxf7+ Kh8 29. f4 Bf6 30. Kh2 b4 31. e4 Rg8 32. e5 bxa3 33. exf6 Qxf6 34. Qxf6 gxf6 35. Rxc7 Rxb3 36. Rdd7 Rgb8 37. Rh7+ Kg8 38. Bd5+ 1-0

[Event "Wch U12"]
[Site "Maribor"]
[Date "2012.11.14"]
[Round "7.83"]
[White "Roos, Daniel"]
[Black "Zupancic, Klemen"]
[Result "0-1"]
[WhiteElo "2361"]
[BlackElo "1559"]
[PlyCount "42"]
[EventDate "2012.11.08"]
[EventType "swiss"]
[EventRounds "11"]
[EventCountry "SLO"]
[SourceTitle "EXT 2013"]
[Source "ChessBase"]
[SourceDate "2012.11.22"]
[SourceVersion "1"]
[SourceVersionDate "2012.11.22"]
[SourceQuality "1"]

1. e4 c5 2. Nf3 d6 3. d4 cxd4 4. Nxd4 Nf6 5. Nc3 a6 6. Be3 e5 7. Nf3 Bg4 8. Bc4 Be7 9. 0-0 Nc6 10. h3 Bh5 11. Qe2 0-0 12. Rfd1 Rb8 13. Bd5 Nd4 14. Bxd4 exd4 15. Rxd4 Qb6 16. g4 Nxg4 17. Rd3 Ne5 18. Re3 Bg5 19. Na4 Qd8 20. Rb3 Qf6 21. Kg2 b5 0-1

[Event "SLO-ch U20"]
[Site "Kamnik"]
[Date "2012.06.27"]
[Round "7"]
[White "Laposi, Andrej"]
[Black "Zupancic, Klemen"]
[Result "1-0"]
[WhiteElo "1808"]
[BlackElo "1585"]
[PlyCount "47"]
[EventDate "2012.06.23"]
[EventType "swiss"]
[EventRounds "7"]
[EventCountry "SLO"]
[SourceTitle "EXT 2019"]
[Source "ChessBase"]
[SourceDate "2018.10.10"]
[SourceVersion "1"]
[SourceVersionDate "2018.10.10"]
[SourceQuality "1"]

1. e4 c5 2. Nf3 d6 3. d4 cxd4 4. Nxd4 Nf6 5. Nc3 a6 6. f3 e6 7. Be3 Be7 8. Qd2 b5 9. 0-0-0 b4 10. Nce2 a5 11. g4 d5 12. g5 Nfd7 13. exd5 exd5 14. Nf5 Ne5 15. Nxe7 Qxe7 16. Qxd5 Bb7 17. Qc5 Na6 18. Qxe7+ Kxe7 19. h4 Bxf3 20. Rh3 Rad8 21. Rxd8 Rxd8 22. Nd4 Bh5 23. Bxa6 Kf8 24. b3 1-0

[Event "SLO-ch U10"]
[Site "Rogaska Slatina"]
[Date "2009.02.26"]
[Round "8"]
[White "Fras Peclin, Asej"]
[Black "Zupancic, Klemen"]
[Result "1/2-1/2"]
[WhiteElo "1500"]
[BlackElo "1500"]
[PlyCount "28"]
[EventDate "2009.02.22"]
[EventType "swiss"]
[EventRounds "9"]
[EventCountry "SLO"]
[SourceTitle "CBM 129 Extra"]
[Source "ChessBase"]
[SourceDate "2009.05.05"]
[SourceVersion "2"]
[SourceVersionDate "2009.05.20"]
[SourceQuality "1"]

1. e4 c5 2. Bc4 e6 3. Nf3 Nf6 4. Nc3 Be7 5. 0-0 0-0 6. d3 Nc6 7. Be3 Bd6 8. Bg5 Bc7 9. Nb5 Bb6 10. Qd2 a6 11. Nd6 Bc7 12. Nxc8 Rxc8 13. a4 Bb8 14. Rae1 Qc7 1/2-1/2

[Event "SLO-ch U10"]
[Site "Rogaska Slatina"]
[Date "2009.02.26"]
[Round "7"]
[White "Zupancic, Klemen"]
[Black "Nikic, Saso"]
[Result "0-1"]
[WhiteElo "1500"]
[BlackElo "1500"]
[PlyCount "38"]
[EventDate "2009.02.22"]
[EventType "swiss"]
[EventRounds "9"]
[EventCountry "SLO"]
[SourceTitle "CBM 129 Extra"]
[Source "ChessBase"]
[SourceDate "2009.05.05"]
[SourceVersion "2"]
[SourceVersionDate "2009.05.20"]
[SourceQuality "1"]

1. d4 d5 2. c4 e6 3. Nc3 Nf6 4. Bg5 Nbd7 5. cxd5 exd5 6. Nxd5 Nxd5 7. Bxd8 Bb4+ 8. Qd2 Bxd2+ 9. Kxd2 Kxd8 10. e4 N5b6 11. Nf3 Re8 12. Ke3 Nf6 13. e5 Ng4+ 14. Ke4 Nxf2+ 15. Ke3 Nxh1 16. Bb5 Bd7 17. Bd3 h6 18. Rxh1 Nd5+ 19. Ke4 Nb4 0-1

[Event "SLO-ch U10"]
[Site "Rogaska Slatina"]
[Date "2009.02.25"]
[Round "6"]
[White "Zupancic, Klemen"]
[Black "Zamar Kodelja, Jurij"]
[Result "0-1"]
[WhiteElo "1500"]
[BlackElo "1500"]
[PlyCount "64"]
[EventDate "2009.02.22"]
[EventType "swiss"]
[EventRounds "9"]
[EventCountry "SLO"]
[SourceTitle "CBM 129 Extra"]
[Source "ChessBase"]
[SourceDate "2009.05.05"]
[SourceVersion "2"]
[SourceVersionDate "2009.05.20"]
[SourceQuality "1"]

1. d4 e6 2. c4 d5 3. Nc3 Nf6 4. Bg5 dxc4 5. e3 Be7 6. Bxf6 Bxf6 7. Bxc4 0-0 8. Bd3 g6 9. Rc1 Nc6 10. Qc2 Bd7 11. Nge2 e5 12. 0-0 Re8 13. Nd5 exd4 14. Nxf6+ Qxf6 15. Nxd4 Nxd4 16. exd4 Qxd4 17. Rcd1 Qg4 18. h3 Qa4 19. a3 Qxc2 20. Bxc2 Bc6 21. b4 Bb5 22. Rfe1 Rxe1+ 23. Rxe1 c5 24. Re7 Rc8 25. Bd1 cxb4 26. Bb3 Bc4 27. Bxc4 Rxc4 28. Re1 bxa3 29. Ra1 Ra4 30. f3 b5 31. g4 b4 32. f4 b3 0-1

[Event "SLO-ch U10"]
[Site "Rogaska Slatina"]
[Date "2009.02.23"]
[Round "3"]
[White "Novakovic, Julian"]
[Black "Zupancic, Klemen"]
[Result "0-1"]
[WhiteElo "1500"]
[BlackElo "1500"]
[PlyCount "48"]
[EventDate "2009.02.22"]
[EventType "swiss"]
[EventRounds "9"]
[EventCountry "SLO"]
[SourceTitle "CBM 129 Extra"]
[Source "ChessBase"]
[SourceDate "2009.05.05"]
[SourceVersion "2"]
[SourceVersionDate "2009.05.20"]
[SourceQuality "1"]

1. e4 c5 2. Bc4 e6 3. Nc3 Nf6 4. d3 h6 5. Bf4 Be7 6. Qd2 0-0 7. 0-0-0 Nc6 8. Nf3 d5 9. Bb3 Bd7 10. exd5 Na5 11. dxe6 Bxe6 12. Bxe6 fxe6 13. Rhg1 Qb6 14. g4 c4 15. h4 Nd5 16. Nxd5 exd5 17. h5 Nc6 18. g5 Nb4 19. Kb1 Qa5 20. a3 Qb6 21. gxh6 Bf6 22. hxg7 Bxg7 23. h6 Nxd3 24. hxg7 Qxb2# 0-1

[Event "SLO-ch U10"]
[Site "Rogaska Slatina"]
[Date "2009.02.22"]
[Round "1"]
[White "Zupancic, Klemen"]
[Black "Gricnik, Tine"]
[Result "0-1"]
[WhiteElo "1500"]
[BlackElo "1537"]
[PlyCount "42"]
[EventDate "2009.02.22"]
[EventType "swiss"]
[EventRounds "9"]
[EventCountry "SLO"]
[SourceTitle "CBM 129 Extra"]
[Source "ChessBase"]
[SourceDate "2009.05.05"]
[SourceVersion "2"]
[SourceVersionDate "2009.05.20"]
[SourceQuality "1"]

1. d4 Nf6 2. c4 g6 3. Nc3 d5 4. e3 Bg7 5. Nf3 c6 6. cxd5 cxd5 7. Bd3 0-0 8. 0-0 Nc6 9. e4 dxe4 10. Nxe4 Nxe4 11. Bxe4 Nxd4 12. Nxd4 Qxd4 13. Qxd4 Bxd4 14. Bh6 Bxb2 15. Bxf8 Bxa1 16. Rc1 Kxf8 17. Bf3 Rb8 18. Bxb7 Be6 19. a4 Rxb7 20. Rxa1 Rb4 21. h3 a5 0-1